Normal view MARC view
  • Narawane R.J

Entry Personal Name

Number of records used in: 1

001 - CONTROL NUMBER

  • control field: 212752

003 - CONTROL NUMBER IDENTIFIER

  • control field: OSt

005 - DATE AND TIME OF LATEST TRANSACTION

  • control field: 20250822143819.0

008 - FIXED-LENGTH DATA ELEMENTS

  • fixed length control field: 250822|| aca||aabn | a|a d

040 ## - CATALOGING SOURCE

  • Original cataloging agency: OSt
  • Transcribing agency: OSt

100 ## - HEADING--PERSONAL NAME

  • Personal name: Narawane R.J

670 ## - SOURCE DATA FOUND

  • Source citation: Work cat.: (OSt)367327: Narawane R.J., Navi Pahat , 2019